Countries With The Most Mammal Species - Statistics

General Stats
  • This quiz has been taken 48 times
  • The average score is 21 of 25
Answer Stats
Rank # of Species Answer % Correct
2 648 Brazil
98%
7 440 United States
98%
15 349 Australia
93%
3 551 China
93%
9 412 India
93%
1 670 Indonesia
93%
4 523 Mexico
93%
20 300 Russia
93%
11 374 Argentina
88%
6 442 Colombia
88%
5 467 Peru
88%
21 297 South Africa
88%
19 311 Thailand
85%
24 285 Nigeria/Angola
83%
13 363 Venezuela/Bolivia
83%
10 376 Kenya
80%
14 359 Tanzania
80%
12 372 Ecuador
78%
18 319 Uganda
78%
23 287 Vietnam
75%
16 336 Malaysia
73%
22 294 Myanmar
70%
17 335 Cameroon
68%
8 430 DR Congo
60%
25 281 Sudan
60%
No matching quizzes found
Score Distribution
Percent of People with Each Score
Percentile by Number Answered
Your Score History
You have not taken this quiz